<?xml version='1.0' encoding='UTF-8'?>
  <record xmlns="http://www.loc.gov/MARC21/slim">
    <leader>00000cam a22000007i 4500</leader>
    <controlfield tag="001">ocm68094480</controlfield>
    <controlfield tag="003">OCoLC</controlfield>
    <controlfield tag="005">20251029100350.7</controlfield>
    <controlfield tag="008">980303s1542    sz            000 0 lat d</controlfield>
    <datafield tag="040" ind1=" " ind2=" ">
      <subfield code="a">NLGGC</subfield>
      <subfield code="b">eng</subfield>
      <subfield code="e">rda</subfield>
      <subfield code="e">dcrmr</subfield>
      <subfield code="c">NLGGC</subfield>
      <subfield code="d">OCLCO</subfield>
      <subfield code="d">QGJ</subfield>
      <subfield code="d">OCLCL</subfield>
      <subfield code="d">QGJ</subfield>
    </datafield>
    <datafield tag="066" ind1=" " ind2=" ">
      <subfield code="c">(N</subfield>
    </datafield>
    <datafield tag="029" ind1="0" ind2=" ">
      <subfield code="a">NLGGC</subfield>
      <subfield code="b">167188615</subfield>
    </datafield>
    <datafield tag="035" ind1=" " ind2=" ">
      <subfield code="a">(OCoLC)68094480</subfield>
    </datafield>
    <datafield tag="100" ind1="1" ind2=" ">
      <subfield code="a">Fabricius, Ulrich,</subfield>
      <subfield code="d">1489-1526,</subfield>
      <subfield code="e">author.</subfield>
      <subfield code="4">aut</subfield>
      <subfield code="1">https://id.oclc.org/worldcat/entity/E39PBJwMBMPgt9VGtpVMBdxdQq</subfield>
    </datafield>
    <datafield tag="240" ind1="1" ind2="0">
      <subfield code="a">Processus iudiciarius</subfield>
    </datafield>
    <datafield tag="245" ind1="1" ind2="0">
      <subfield code="6">880-01</subfield>
      <subfield code="a">&lt;&gt;.</subfield>
    </datafield>
    <datafield tag="246" ind1="3" ind2="0">
      <subfield code="6">880-02</subfield>
      <subfield code="a">Processus iudiciarius utilissimus iamprimum euulgatus</subfield>
    </datafield>
    <datafield tag="246" ind1="3" ind2=" ">
      <subfield code="a">Processus judiciarius utilissimus jamprimum evulgatus</subfield>
    </datafield>
    <datafield tag="264" ind1=" " ind2="1">
      <subfield code="a">Basilaea. :</subfield>
      <subfield code="b">[Johannes Oporinus],</subfield>
      <subfield code="c">[1542?]</subfield>
    </datafield>
    <datafield tag="300" ind1=" " ind2=" ">
      <subfield code="a">[16], 292 [that is 192] pages ;</subfield>
      <subfield code="c">17 cm (8vo)</subfield>
    </datafield>
    <datafield tag="336" ind1=" " ind2=" ">
      <subfield code="a">text</subfield>
      <subfield code="b">txt</subfield>
      <subfield code="2">rdacontent</subfield>
    </datafield>
    <datafield tag="337" ind1=" " ind2=" ">
      <subfield code="a">unmediated</subfield>
      <subfield code="b">n</subfield>
      <subfield code="2">rdamedia</subfield>
    </datafield>
    <datafield tag="338" ind1=" " ind2=" ">
      <subfield code="a">volume</subfield>
      <subfield code="b">nc</subfield>
      <subfield code="2">rdacarrier</subfield>
    </datafield>
    <datafield tag="340" ind1=" " ind2=" ">
      <subfield code="m">8vo</subfield>
      <subfield code="2">rdabf</subfield>
    </datafield>
    <datafield tag="500" ind1=" " ind2=" ">
      <subfield code="a">Imprint: Basilaea.</subfield>
    </datafield>
    <datafield tag="500" ind1=" " ind2=" ">
      <subfield code="a">Printer and publication year taken from VD 16.</subfield>
    </datafield>
    <datafield tag="500" ind1=" " ind2=" ">
      <subfield code="a">Contributions by Ioannes Apellus, Justin Gobler, and Johannes Lange aus Freistadt.</subfield>
    </datafield>
    <datafield tag="500" ind1=" " ind2=" ">
      <subfield code="a">Signatures: [alpha]⁸ a-m⁸</subfield>
    </datafield>
    <datafield tag="500" ind1=" " ind2=" ">
      <subfield code="a">Initials.</subfield>
    </datafield>
    <datafield tag="510" ind1="4" ind2=" ">
      <subfield code="a">Verzeichnis der im deutschen Sprachbereich erschienenen Drucke des 16. Jahrhunderts (VD 16),</subfield>
      <subfield code="c">F 486</subfield>
      <subfield code="u">https://gateway-bayern.de/VD16+F+486</subfield>
    </datafield>
    <datafield tag="510" ind1="4" ind2=" ">
      <subfield code="3">Apell, Johannes. Dialogus isagogicus in institutiones Iustiniani Imp. certam legalis studii methodum exponens:</subfield>
      <subfield code="a">Verzeichnis der im deutschen Sprachbereich erschienenen Drucke des 16. Jahrhunderts (VD 16),</subfield>
      <subfield code="c">A 3032</subfield>
      <subfield code="u">https://gateway-bayern.de/VD16+A+3032</subfield>
    </datafield>
    <datafield tag="510" ind1="4" ind2=" ">
      <subfield code="3">Gobler, Justin. Petri Mosellani Protegensis vita:</subfield>
      <subfield code="a">Verzeichnis der im deutschen Sprachbereich erschienenen Drucke des 16. Jahrhunderts (VD 16),</subfield>
      <subfield code="c">G 2311</subfield>
      <subfield code="u">https://gateway-bayern.de/VD16+G+2311</subfield>
    </datafield>
    <datafield tag="600" ind1="1" ind2="0">
      <subfield code="a">Mosellanus, Petrus,</subfield>
      <subfield code="d">1493-1524.</subfield>
    </datafield>
    <datafield tag="600" ind1="1" ind2="0">
      <subfield code="a">Fabricius, Ulrich,</subfield>
      <subfield code="d">1489-1526.</subfield>
    </datafield>
    <datafield tag="700" ind1="1" ind2=" ">
      <subfield code="a">Göbler, Justinus,</subfield>
      <subfield code="d">1503 or 1504-1567,</subfield>
      <subfield code="e">write of preface,</subfield>
      <subfield code="e">contributor.</subfield>
      <subfield code="4">wpr</subfield>
      <subfield code="4">ctb</subfield>
      <subfield code="1">https://id.oclc.org/worldcat/entity/E39PBJvRXvR4p6yr8qCDTyj9jC</subfield>
    </datafield>
    <datafield tag="700" ind1="1" ind2=" ">
      <subfield code="a">Lange, Johann,</subfield>
      <subfield code="d">1503-1567,</subfield>
      <subfield code="e">contributor.</subfield>
      <subfield code="4">ctb</subfield>
      <subfield code="1">https://id.oclc.org/worldcat/entity/E39PBJjHg7FR7gR4r9qyxRyDbd</subfield>
    </datafield>
    <datafield tag="700" ind1="1" ind2="2">
      <subfield code="i">Container of (work):</subfield>
      <subfield code="a">Apel, Johann,</subfield>
      <subfield code="d">1486-1536.</subfield>
      <subfield code="t">Dialogus Isagogus in institutiones Justiniani.</subfield>
    </datafield>
    <datafield tag="700" ind1="1" ind2="2">
      <subfield code="i">Container of (expression):</subfield>
      <subfield code="a">Göbler, Justinus,</subfield>
      <subfield code="d">1503 or 1504-1567.</subfield>
      <subfield code="t">Petri Mosellani Protegensis vita.</subfield>
    </datafield>
    <datafield tag="700" ind1="1" ind2=" ">
      <subfield code="a">Oporinus, Joannes,</subfield>
      <subfield code="d">1507-1568,</subfield>
      <subfield code="e">printer.</subfield>
      <subfield code="4">prt</subfield>
      <subfield code="1">https://id.oclc.org/worldcat/entity/E39PBJjMFW8PFDM7bqhQkh3xXd</subfield>
    </datafield>
    <datafield tag="752" ind1=" " ind2=" ">
      <subfield code="a">Switzerland,</subfield>
      <subfield code="d">Basel,</subfield>
      <subfield code="e">publication place.</subfield>
      <subfield code="4">pup</subfield>
    </datafield>
    <datafield tag="758" ind1=" " ind2=" ">
      <subfield code="i">has work:</subfield>
      <subfield code="a">D. Ulrici Fabricii ... Processus judiciarius utilissimus jamprimum evulgatus (Text)</subfield>
      <subfield code="1">https://id.oclc.org/worldcat/entity/E39PCFGYfBmvKPCb4wYFQJCgjC</subfield>
      <subfield code="4">https://id.oclc.org/worldcat/ontology/hasWork</subfield>
    </datafield>
    <datafield tag="880" ind1="1" ind2="0">
      <subfield code="6">245-01/(N</subfield>
      <subfield code="a">D. Ulrici Fabricij Confluentini Iurecons. &amp; Archiepisc. Principisq[ue] Electoris Treuerici cо̄[n]siliarij, Processus iudiciarius utilissimus iamprimum euulgatus /</subfield>
      <subfield code="c">Cum praefatione D. Iustini Gobleri Goarini iurecons. in qua &amp; de eiusdem Fabricij uita &amp; moribus nonnulla. item Petri Mosellani Protegensis uita, continens studiosi hominis imaginem, per eundem D. Iustinum Goblerum conscripta. Dialogus isagogicus in Institutiones Iustiniani Imp. certam legalis studij methodum exponens, Ioanne Apello Iurecons. autore.</subfield>
    </datafield>
    <datafield tag="880" ind1="3" ind2=" ">
      <subfield code="6">246-02/(N</subfield>
      <subfield code="a">D. Vlrici Fabricij Conflventini Iurecons. &amp; Archiepisc. Principisq[ue] Electoris Treuerici cо̄[n]siliarij, Processus iudiciarius utilissimus iamprimum euulgatus</subfield>
    </datafield>
  </record>